| 000 | 00621nam a22001937a 4500 | ||
|---|---|---|---|
| 003 | OSt | ||
| 005 | 20260122060912.0 | ||
| 008 | 260122b |||||||| |||| 00| 0 eng d | ||
| 020 | _a0-07-289036-3. | ||
| 040 |
_aDWCL-Main lib _cOC |
||
| 082 |
_210th edition _aCirc. 327 R863i 2005 |
||
| 100 | _aRourke, John T. | ||
| 245 |
_aInternational Politics on the world stage _cRourke, John T. |
||
| 260 |
_aN. Y. : _bMcGraw-Hill , _cc2005. |
||
| 300 |
_axiv (various paging) : _bcolored illustration ; _c25 cm. |
||
| 650 | _21. International relations. | ||
| 650 | _22. World politics. | ||
| 942 |
_2ddc _cBK-CIRC _e10th ed. _kCirc. _n0 |
||
| 999 |
_c7708 _d7708 |
||